000 00437cam a2200169ua 4500
001 12120
008 200220n ii |||gr||||Z||||||eng
020 _a9780143029892
040 _cMAIN
082 _a934
100 _aRomila Thapar,
_eAuthor.
245 _aEarly india :
_bFrom the origins to ad 1300 /
_cBy Romila Thapar .
260 _aHaryana:
_bpenguin books,
_c2015.
300 _a556p.
653 _aIndia to 647
942 _cBK
999 _c10891
_d10891